[Event "Toronto NAYCC U08 Girls"]
[Site "Toronto"]
[Date "2013.08.18"]
[Round "8"]
[White "Radin, Claire"]
[Black "Levkov, Sabina"]
[Result "1-0"]
[WhiteElo "864"]
[BlackElo "451"]
[PlyCount "47"]
[EventDate "2013.08.14"]
[EventType "swiss"]
[EventRounds "9"]
[EventCountry "CAN"]
[SourceTitle "EXT 2022"]
[Source "ChessBase"]
[SourceDate "2021.10.06"]
[SourceVersion "1"]
[SourceVersionDate "2021.10.06"]
[SourceQuality "1"]

1. e4 e5 2. Nf3 Nc6 3. Bc4 Nf6 4. Ng5 Nxe4 5. Nxe4 d5 6. Bb5 dxe4 7. Nc3 Bf5 8. 0-0 Bb4 9. b3 0-0 10. Bb2 Nd4 11. Bc4 Bxc3 12. Bxc3 Nc6 13. Qh5 Bg6 14. Qe2 Nd4 15. Bxd4 exd4 16. d3 exd3 17. Bxd3 Re8 18. Qd2 Bxd3 19. Qxd3 c5 20. Rfe1 b6 21. Re4 Qd5 22. Rae1 h6 23. Rxe8+ Rxe8 24. Rxe8# 1-0

[Event "Toronto NAYCC U08 Girls"]
[Site "Toronto"]
[Date "2013.08.16"]
[Round "5"]
[White "Guo, Hazel"]
[Black "Radin, Claire"]
[Result "0-1"]
[WhiteElo "961"]
[BlackElo "864"]
[PlyCount "106"]
[EventDate "2013.08.14"]
[EventType "swiss"]
[EventRounds "9"]
[EventCountry "CAN"]
[SourceTitle "EXT 2022"]
[Source "ChessBase"]
[SourceDate "2021.10.06"]
[SourceVersion "1"]
[SourceVersionDate "2021.10.06"]
[SourceQuality "1"]

1. e4 e5 2. Nc3 Nf6 3. f4 exf4 4. e5 Ng8 5. d4 d5 6. Bxf4 Nc6 7. Nf3 Bf5 8. Bd3 Bxd3 9. Qxd3 Nb4 10. Qd2 Ne7 11. a3 Nbc6 12. 0-0 Nf5 13. Nd1 Nh4 14. Bg5 Nxf3+ 15. Rxf3 Be7 16. Bxe7 Qxe7 17. c3 0-0-0 18. Ne3 Qg5 19. Qe2 f6 20. exf6 gxf6 21. Nf5 Rhe8 22. Qc2 Re4 23. Ng3 Re3 24. Rxe3 Qxe3+ 25. Qf2 Qxf2+ 26. Kxf2 f5 27. Nxf5 Rf8 28. g4 Ne7 29. Kg3 Nxf5+ 30. gxf5 Rxf5 31. Re1 Kd7 32. Re5 Rxe5 33. dxe5 Ke6 34. Kg4 Kxe5 35. Kg5 c5 36. Kg4 b5 37. Kf3 a5 38. Ke3 b4 39. axb4 cxb4 40. cxb4 axb4 41. b3 Kd6 42. Kd4 h6 43. h3 h5 44. h4 Kc6 45. Ke5 Kc5 46. Kf5 Kd4 47. Kg5 Kc3 48. Kxh5 d4 49. Kg4 d3 50. Kf3 d2 51. Ke2 Kc2 52. h5 d1Q+ 53. Ke3 Qxh5 0-1

[Event "CAN-ch U08 Girls"]
[Site "Ottawa"]
[Date "2013.07.12"]
[Round "5"]
[White "Radin, Claire"]
[Black "Kamath, Maya"]
[Result "1-0"]
[WhiteElo "752"]
[BlackElo "1652"]
[PlyCount "61"]
[EventDate "2013.07.10"]
[EventType "swiss"]
[EventRounds "6"]
[EventCountry "CAN"]
[SourceTitle "EXT 2022"]
[Source "ChessBase"]
[SourceDate "2021.10.06"]
[SourceVersion "1"]
[SourceVersionDate "2021.10.06"]
[SourceQuality "1"]

1. e4 e5 2. Nf3 Nc6 3. Nc3 Nf6 4. Bc4 Bc5 5. d3 0-0 6. 0-0 b6 7. Nd5 Nxd5 8. Bxd5 Bb7 9. Bg5 Be7 10. Be3 Bf6 11. d4 exd4 12. Nxd4 Nxd4 13. Bxb7 Rb8 14. Bxd4 Bxd4 15. Qxd4 Rxb7 16. Rad1 c5 17. Qe5 Re8 18. Qd5 Rc7 19. Rfe1 Re6 20. Rd3 d6 21. Qh5 Rh6 22. Qg4 Rh4 23. Qe2 c4 24. Rc3 b5 25. Rd1 Qe7 26. Re3 Qe5 27. g3 Rh3 28. Qg4 Rh5 29. Rd5 Rg5 30. Qxg5 Qxb2 31. Qd8# 1-0